Public Policy making and analysis (Record no. 3095)

MARC details
000 -LEADER
fixed length control field 00350nam a22001337a 4500
008 - FIXED-LENGTH DATA ELEMENTS--GENERAL INFORMATION
fixed length control field 250422b |||||||| |||| 00| 0 eng d
020 ## - INTERNATIONAL STANDARD BOOK NUMBER
ISBN 9784886093
100 ## - MAIN ENTRY--AUTHOR
Author Ajaegbu O. Fredrick
245 ## - TITLE STATEMENT
Title Public Policy making and analysis
260 ## - PUBLICATION, DISTRIBUTION, ETC. (IMPRINT)
Place of publication Nigeria
Name of publisher Academic printing press Enugu
Date of publication 2010
300 ## - COLLATION
Pagination 261p.
942 ## - ADDED ENTRY ELEMENTS (KOHA)
Item type Books
050 ## - LIBRARY OF CONGRESS CALL NUMBER
Classification number JK 271
Item number .A43
Holdings
Source of classification or shelving scheme Not for loan Permanent location Current location Date acquired Accession No. Full call number Barcode. Koha item type
Library of Congress Classification   Samuel Ogbemudia Main Library, University of Abuja Samuel Ogbemudia Main Library, University of Abuja 04/22/2025 2019/56160 JK 271.A43 2025-1507 Books